00810nam a2200169 a 4500040000800000082002600008245017300034260013900207300002100346500010600367500004100473650001000514650001000524650001300534650001300547710008000560 cDLC00a305 UNI 1995 C151 Or.00aTraining users and producers in statistics on gender issues in the South Pacific :breport of the seminar held in Rarotonga, Cook Islands, 30 November-3 December, 1992. aSanto Domingo, Dominican Republic :bUnited Nations International Research and Training Institute for the Advancement of Women,c1995. a130 p. ;c28 cm. aProceedings of the Subregional Workshop on Statistics and Indicators on Women in the Pacific Islands. a"INSTRAW/SER.A/43"--P. [4] of cover. 0aWomen 0aWomen 0aSex role 0aSex role2 aInternational Research and Training Institute for the Advancement of Women.